United States investor : (Record no. 18789)

000 -LEADER
fixed length control field 00486cas a2200193 a 4500
022 0# - INTERNATIONAL STANDARD SERIAL NUMBER
ISSN 0041-7718
040 ## - CATALOGING SOURCE
Transcribing agency IUL
082 14 - DEWEY DECIMAL CLASSIFICATION NUMBER
Classification number 332 ADB 2011 C152 Or.
245 00 - TITLE STATEMENT
Title United States investor :
Remainder of title a journal of greater America.
260 ## - PUBLICATION, DISTRIBUTION, ETC. (IMPRINT)
Place of publication Boston, Mass. :
Name of publisher Investor Pub. Co.,
Year of publication 1900-
300 ## - PHYSICAL DESCRIPTION
Number of Pages volumes ;
Dimensions 29 cm
650 #0 - SUBJECT ADDED ENTRY--TOPICAL TERM
Topical Term Finance
650 #0 - SUBJECT ADDED ENTRY--TOPICAL TERM
Topical Term Securities
650 #0 - SUBJECT ADDED ENTRY--TOPICAL TERM
Topical Term Investments
650 #7 - SUBJECT ADDED ENTRY--TOPICAL TERM
Topical Term Finance.
650 #7 - SUBJECT ADDED ENTRY--TOPICAL TERM
Topical Term Investments.
650 #7 - SUBJECT ADDED ENTRY--TOPICAL TERM
Topical Term Securities.
942 ## - ADDED ENTRY ELEMENTS (KOHA)
Koha item type ADB
952 ## - LOCATION AND ITEM INFORMATION (KOHA)
Withdrawn status [LOCAL, KOHA] 0
Holdings
Koha item type Source of acquisition Lost status Permanent Location Current Location Date acquired Full call number
សៀវភៅភាសាអង់គ្លេសA36459 Library Block CLibrary Block C2020-01-27332 ADB 2011 C152 Or.
មជ្ឈមណ្ឌលឯការនៃសាកលវិទ្យាល័យភូមិន្ទកសិកម្មចំការដូង

Powered by Koha